Statistiken für Länder, die einst ein Teil Österreich-Ungarn waren

Klicken Sie hier um das Quiz zu spielen!

Allgemein

  • Dieses Quiz wurde 244 mal gespielt
    (187 seit der letzten Aktualisierung)
  • Das Durchschnittsergebnis liegt bei 12 aus 14

Antwortstatistiken

Land% Korrekt
Slowakei
98%
Slowenien
98%
Kroatien
96%
Ungarn
96%
Österreich
95%
Tschechien
95%
Bosnien und Herzegowina
93%
Serbien
93%
Italien
91%
Polen
90%
Rumänien
89%
Ukraine
81%
Montenegro
75%
China / (Tianjin)
10%

Verteilung der Resultate

Perzentil nach korrekt beantworteten Fragen

Anzahl Personen mit jedem Resultat

Ihre Resultats-Entwicklung

Sie haben dieses Quiz seit der letzten Aktualisierung nicht gespielt